000 01695nam0a2200349 4500
001 RU\NLR\bibl\981977
005 20250614214716.0
010 _a5-85746-827-2
_91000
021 _aRU
_b2006-45878
_92292
035 _a(NLR Aleph) 000969865
090 _a392376
_c392376
100 _a20060908d2005 |||y0rusy50 ca
101 0 _arus
102 _aRU
105 _aa |||||||||
200 1 _aДифференциация обучения физике в системе непрерывного образования "школа-вуз"
_eмонография
_fИ.В. Гребенев, Ю.В. Масленникова, М.А. Фаддеев, Е.В. Чупрунов
_gМ-во образования и науки Рос. Федерации, Федер. агентство по образованию, Нижегород. гос. ун-т им. Н.И. Лобачевского
210 _aНижний Новгород
_cИзд-во Нижегородского госуниверситета
_d2005
215 _a185 с., [20] л. цв. ил., портр.
_cил.
_d20
320 _aБиблиогр.: с. 170-183 (190 назв.)
606 1 _aФизика
_xПреподавание
_91678491
_3RU\NLR\auth\66745021
686 _aЧ426.51
686 _aЧ486.51
701 1 _aГребенев
_bИ. В.
_gИгорь Васильевич
_4070
701 1 _aМасленникова
_bЮ. В.
_gЮлия Владимировна
_4070
701 1 _aФаддеев
_bМ. А.
_gМихаил Андреевич
_4070
701 1 _aЧупрунов
_bЕ. В.
_4070
801 0 _aRU
_bNLR
_c20060908
_grcr
801 1 _aRU
_bNLR
_c20060908
942 _cBOOK
980 _aNB
980 _aNBR